000 00688nam a22002417a 4500
001 93397
003 UA-OsUOA
005 20220423221343.0
007 ta
008 20130119b un ||||| |||| 00| 0 ukr d
040 _aUA-OsUOA
_brus
_cUA-OsUOA
_dUA-OsUOA
041 _arus
080 _a821.161.1
090 _a821.161.1
_bГ71
100 _aГорький М.
245 _aСобрание сочинений в 30 томах
260 _aМ.
_bГослитиздат
_c1954
300 _a600 с.
505 _gТ. 24
_tПисьма, телеграммы, надписи (1889–1906)
650 7 _a821 Художня література
_2UDC
942 _cBK
_2udc
955 _a3
999 _c379642
_d379642